| 000 | 01231nam a2200301 4500 | ||
|---|---|---|---|
| 003 | EG-GICUC | ||
| 005 | 20260426102427.0 | ||
| 008 | 260426b1990 ua|||||fr|||| 00| 0 ara d | ||
| 040 |
_a EG-GICUC _bara _c EG-GICUC _d EG-GICUC _erda |
||
| 043 | _af-ua--- | ||
| 082 | 0 | 4 |
_221 _a343.241 |
| 092 | 0 | 4 | _221 |
| 099 | _aLaw1 10 343.241 ب و . س 1990 | ||
| 100 | 0 | _aبوشلر، هاينز | |
| 245 | 1 | 2 |
_aالسطو على المصارف والوقاية التقنية / _cهاينز بوشلر، هاينز لاينفيبر. |
| 264 |
_aالرياض: _b,المركز العربي للدراسات الأمنية والتدريب _c1990. |
||
| 300 |
_a168 صفحة _c24 سم |
||
| 336 |
_2rda content _atext |
||
| 337 |
_2rda media _aComputer |
||
| 338 |
_2rda carrier _aOnline Resource |
||
| 500 | _aترجمة من اللغة الألمانية دار النشر بالمركز العربي للدراسات الأمنية والتدريب بإذن خاص من مكتب التحقيقات الفيدرالي الألماني. | ||
| 650 | 1 | _2qrmak | |
| 651 | 1 | _2qrmak | |
| 700 | _aهاينز ,لاينفيبر | ||
| 856 | 4 | 0 | _uhttps://fll.law.cu.edu.eg/fulltext/bks/B10-07522.pdf |
| 905 | _a17 | ||
| 942 |
_2ddc _n0 _cBK _e21 |
||
| 999 |
_c73431 _d73431 |
||